Statistics for European Cities by Neighborhood

Click here to take the quiz!

General Stats

  • This quiz has been taken 63 times
  • The average score is 11 of 20

Answer Stats

NeighborhoodCity% Correct
ChristianiaCopenhagen
88%
Tverskoy DistrictMoscow
86%
Gothic QuarterBarcelona
81%
KaartinkaupunkiHelsinki
75%
San SiroMilan
73%
Temple BarDublin
69%
Saint LazareMarseille
66%
DiamantbuurtAmsterdam
63%
XabregasLisbon
63%
LeopoldstadtVienna
59%
MetaxourgeioAthens
58%
MokotowWarsaw
56%
St GeorgHamburg
47%
AncoatsManchester
41%
NeimarBelgrade
32%
Eaux-VivesGeneva
32%
SkjolReykjavik
22%
SadamaTallinn
19%
Don BoscoTirana
19%
Langeron BeachOdessa
5%

Score Distribution

Percentile by Number Answered

Percent of People with Each Score

Your Score History

You have not taken this quiz